Los tres estudiantes de Salamanca
Zapisane w:
| 1. autor: | |
|---|---|
| Format: | Książka |
| Język: | hiszpański |
| Wydane: |
Buenos Aires
Sudamericana
1962
|
| Seria: | Teatro
|
| Hasła przedmiotowe: | |
| Etykiety: |
Dodaj etykietę
Nie ma etykietki, Dołącz pierwszą etykiete!
|
MARC
| LEADER | 00000nam a2200000 a 4500 | ||
|---|---|---|---|
| 001 | UCZ8278 | ||
| 003 | CL-VaPUC | ||
| 008 | 960119e19620000AG |||||||||||||||||spa|d | ||
| 082 | 0 | 4 | |a 862 |b MAD |2 21 |
| 100 | |a Madariaga, Salvador de |e autor |9 579873 | ||
| 245 | 1 | 4 | |a Los tres estudiantes de Salamanca |
| 246 | 1 | 0 | |a Viva la muerte |
| 246 | 1 | 3 | |a El 12 de octubre de Cervantes |
| 300 | |a 263 p | ||
| 942 | |c BK | ||
| 945 | |d 19960119 00:00:00 |a rleighto | ||
| 260 | |a Buenos Aires |b Sudamericana |c 1962 | ||
| 650 | 0 | |a Dramas españoles |9 267081 | |
| 583 | |a last modification |c 19960119 00:00:00 |k Rodrigo Vera | ||
| 490 | 0 | |a Teatro | |
| 999 | |c 244213 |d 244211 | ||
| 952 | |0 0 |1 0 |4 0 |6 862_000000000000000_MAD_1962 |7 0 |8 A |9 258194 |a BIBEDU |b BIBEDU |d 2019-11-19 |i 317039K |o 862 MAD 1962 |p 317039K |r 2019-11-19 |w 2019-11-19 |y BK |k LIT | ||
| 952 | |0 0 |1 0 |4 0 |6 862_000000000000000_MAD_1962 |7 0 |8 A |9 258195 |a BIBEDU |b BIBEDU |d 2019-11-19 |i 1436163 |o 862 MAD 1962 |p 1436163 |r 2019-11-19 |w 2019-11-19 |y BK |k LIT | ||